000 00657nam a2200229Ia 4500
003 OSt
005 20220918191002.0
006 a|||||r|||| 00| 0
007 ta
008 220917b |||||||| |||| 00| 0 eng d
024 _a60,813
037 _cTextual
040 _aARTS
_cARTS
_beng
041 _2eng
_aeng
082 _aQ6:650gY1.654.M91<-M41, K5 (906)
100 _aAde Ajayi J F
_974412
245 0 _aChristian missions in Nigeria 1814-1891
_b the making of a new eolite
260 _c1965
650 _aRELIGION
942 _hQ6:650gY1.654.M91<-M41, K5 (906)
_cTEXL
_2CC
999 _c187692
_d187692